00378nam a2200121Ia 4500001000800000005001700008008004100025020001800066245003900084260002400123999002100147952008800168125962720260417140315.0260417s9999 xx 000 0 und d a9786253693053 0aKalemimle Kırk SenecAyşe Kulin bEverest Yayınları c1259627d1259627 00104070a1112b1112d2026-04-17l0p1112555r2026-04-17 14:03:15w2026-04-17yBK